[Event "DEM U12/U12w 2014"]
[Site "Magdeburg GER"]
[Date "2014.06.09"]
[Round "3"]
[White "Kurzweil, Naemi"]
[Black "Kemke, Annabelle"]
[Result "1-0"]
[Termination "normal"]
[Board "46"]
[WhiteElo "1231"]
[BlackElo "855"]
[PlyCount "71"]
[WhiteFideId "12985708"]
[BlackFideId "12991821"]
[EventCountry "GER"]
[EventRounds "11"]
[EventType "swiss"]
[EventDate "2014.06.07"]

1. e4 e5 2. Nf3 Nc6 3. Bc4 Nf6 4. Nc3 Bc5 5. d3 d6 6. Bg5 h6 7. Bh4 g5 8. Bg3
h5 9. h3 h4 10. Bh2 g4 11. hxg4 Nxg4 12. Rf1 Nd4 13. Bg1 Nxf3+ 14. Qxf3 Qe7 15.
O-O-O Nh6 16. Qe2 Bg4 17. f3 Bd7 18. Nd5 Qd8 19. d4 Bb6 20. f4 f6 21. fxe5 Bg4
22. Nxf6+ Ke7 23. Nxg4 dxe5 24. Nxe5 Qc8 25. Ng6+ Kd7 26. Nxh8 Qxh8 27. Qh5 Rg8
28. Qd5+ Kc8 29. Qe6+ Kb8 30. Rf3 a6 31. Rdf1 Ba5 32. Qe7 Ka7 33. d5+ b6 34.
Rf8 Kb7 35. Qe8 Bb4 36. Qb8# 1-0

[Event "DEM U12/U12w 2014"]
[Site "Magdeburg GER"]
[Date "2014.06.09"]
[Round "3"]
[White "Albert, Eske"]
[Black "Petrow, Jonas"]
[Result "0-1"]
[Termination "normal"]
[Board "47"]
[WhiteElo "893"]
[BlackElo "1220"]
[PlyCount "48"]
[WhiteFideId "12991813"]
[BlackFideId "12991805"]
[EventCountry "GER"]
[EventRounds "11"]
[EventType "swiss"]
[EventDate "2014.06.07"]

1. e4 c5 2. Nf3 d6 3. d4 cxd4 4. Nxd4 Nf6 5. Nc3 g6 6. Bg5 Bg7 7. Bb5+ Bd7 8.
Bxd7+ Qxd7 9. Qd3 O-O 10. O-O-O Nc6 11. Kb1 Rac8 12. Nd5 Nxd5 13. exd5 Nxd4 14.
c4 b5 15. Qxd4 Bxd4 16. Rxd4 Qf5+ 17. Ka1 Qxg5 18. a3 bxc4 19. g3 c3 20. bxc3
Rxc3 21. Kb2 Rfc8 22. Rb4 Qd2+ 23. Kb1 Qc2+ 24. Ka1 Rxa3# 0-1